[Event "EU-ch U18"]
[Site "Bratislava"]
[Date "2019.08.07"]
[Round "6"]
[White "Halfhide, Sebastian"]
[Black "Bekasovs, Rihards"]
[Result "0-1"]
[WhiteElo "2263"]
[BlackElo "2144"]
[PlyCount "100"]
[EventDate "2019.08.02"]
[EventType "swiss"]
[EventRounds "9"]
[EventCountry "SVK"]
[SourceTitle "CBM 191 Extra"]
[Source "ChessBase"]
[SourceDate "2019.09.30"]
[SourceVersion "1"]
[SourceVersionDate "2019.09.30"]
[SourceQuality "1"]

1. e4 e6 2. Qe2 c5 3. Nf3 Nc6 4. g3 g6 5. Bg2 Bg7 6. 0-0 d6 7. d3 Nge7 8. Nfd2 0-0 9. c3 Rb8 10. f4 Qc7 11. Nf3 b5 12. g4 b4 13. c4 f5 14. h3 Nd4 15. Nxd4 Bxd4+ 16. Kh1 Nc6 17. Nd2 Bg7 18. Nf3 Bd7 19. Be3 Rbe8 20. Qd2 e5 21. exf5 gxf5 22. Ng5 Ne7 23. fxe5 Bxe5 24. Bf4 Bxf4 25. Qxf4 Ng6 26. Bd5+ Kg7 27. Qd2 fxg4 28. Nf7 Bc6 29. Qh6+ Kg8 30. Ng5+ Bxd5+ 31. cxd5 Qb7 32. Kg1 gxh3 33. Qxh3 Qg7 34. Kh1 Rf4 35. Ne6 Rxf1+ 36. Rxf1 Qe7 37. Rg1 Qf6 38. Ng5 Re7 39. Ne4 Qe5 40. Qc8+ Kg7 41. Rf1 Qxd5 42. Qa6 Qh5+ 43. Kg1 Qg4+ 44. Kh2 Qh4+ 45. Kg1 Qg4+ 46. Kh2 Nh4 47. Rf2 Nf3+ 48. Rxf3 Qxf3 49. Qxd6 Qh5+ 50. Kg3 Qe5+ 0-1

[Event "EU-ch U18"]
[Site "Bratislava"]
[Date "2019.08.06"]
[Round "5"]
[White "Pirard, Natan"]
[Black "Halfhide, Sebastian"]
[Result "1/2-1/2"]
[WhiteElo "2153"]
[BlackElo "2263"]
[PlyCount "82"]
[EventDate "2019.08.02"]
[EventType "swiss"]
[EventRounds "9"]
[EventCountry "SVK"]
[SourceTitle "CBM 191 Extra"]
[Source "ChessBase"]
[SourceDate "2019.09.30"]
[SourceVersion "1"]
[SourceVersionDate "2019.09.30"]
[SourceQuality "1"]

1. e4 e5 2. Nf3 Nc6 3. Bb5 a6 4. Ba4 d6 5. 0-0 Bd7 6. Re1 g6 7. c3 Bg7 8. d4 Nf6 9. dxe5 Nxe5 10. Nxe5 dxe5 11. Bg5 b5 12. Bb3 0-0 13. a4 Qe7 14. Na3 h6 15. Bxf6 Bxf6 16. Nc2 Rfd8 17. Qe2 Be8 18. Nb4 c6 19. axb5 axb5 20. Rxa8 Rxa8 21. Rd1 Kg7 22. Qe3 Qa7 23. Qxa7 Rxa7 24. Nd3 Rd7 25. Kf1 Kf8 26. Ke2 Ra7 27. Ne1 Be7 28. Nc2 Bc5 29. Ra1 Rxa1 30. Nxa1 Ke7 31. Ba2 f5 32. Nb3 Bb6 33. Nd2 Kf6 34. b4 Bd7 35. Bb3 h5 36. h3 Ba7 37. Ba2 Bc8 38. Bb3 Bb7 39. Bc2 Bc8 40. Bb3 Ba6 41. Ba2 Bc8 1/2-1/2

[Event "EU-ch U18"]
[Site "Bratislava"]
[Date "2019.08.05"]
[Round "4"]
[White "Halfhide, Sebastian"]
[Black "Miesbauer, Jan"]
[Result "1/2-1/2"]
[WhiteElo "2263"]
[BlackElo "2399"]
[PlyCount "99"]
[EventDate "2019.08.02"]
[EventType "swiss"]
[EventRounds "9"]
[EventCountry "SVK"]
[SourceTitle "CBM 191 Extra"]
[Source "ChessBase"]
[SourceDate "2019.09.30"]
[SourceVersion "1"]
[SourceVersionDate "2019.09.30"]
[SourceQuality "1"]

1. e4 e6 2. d4 d5 3. Nd2 Be7 4. Ngf3 Nf6 5. e5 Nfd7 6. Bd3 c5 7. c3 Nc6 8. 0-0 a5 9. a4 b6 10. Qe2 cxd4 11. cxd4 Nb4 12. Bb5 Ba6 13. Nb1 Bxb5 14. axb5 0-0 15. Nc3 Rc8 16. Bd2 Re8 17. Rfc1 f6 18. exf6 Bxf6 19. Bf4 Rc4 20. Qd2 e5 21. Nxe5 Nxe5 22. Bxe5 Bxe5 23. dxe5 Rxe5 24. Ne2 Qe8 25. Nd4 Re4 26. Nf5 Re2 27. Qd1 h6 28. Rxc4 dxc4 29. Ne3 Rxe3 30. fxe3 Qxe3+ 31. Kf1 Nd3 32. Qf3 Qe5 33. Rd1 Qxb5 34. Qa8+ Kf7 35. Qf3+ Kg6 36. Qg4+ Kf6 37. Qf3+ Qf5 38. b3 Qxf3+ 39. gxf3 cxb3 40. Rxd3 a4 41. Rd6+ Ke5 42. Rxb6 Kd4 43. Ke2 Kc3 44. Kd1 Kb2 45. Re6 a3 46. Re2+ Kb1 47. Re3 Ka2 48. Re1 Kb2 49. Re2+ Ka1 50. Re3 1/2-1/2

[Event "EU-ch U18"]
[Site "Bratislava"]
[Date "2019.08.04"]
[Round "3"]
[White "Toquero Gracia, Pau"]
[Black "Halfhide, Sebastian"]
[Result "1/2-1/2"]
[WhiteElo "2080"]
[BlackElo "2263"]
[PlyCount "69"]
[EventDate "2019.08.02"]
[EventType "swiss"]
[EventRounds "9"]
[EventCountry "SVK"]
[SourceTitle "CBM 191 Extra"]
[Source "ChessBase"]
[SourceDate "2019.09.30"]
[SourceVersion "1"]
[SourceVersionDate "2019.09.30"]
[SourceQuality "1"]

1. e4 c5 2. Nf3 d6 3. c3 Nf6 4. Be2 Bd7 5. d3 g6 6. Nbd2 Bg7 7. 0-0 0-0 8. Qc2 Nc6 9. b3 Ne8 10. Bb2 Nc7 11. d4 cxd4 12. Nxd4 d5 13. Nxc6 Bxc6 14. exd5 Nxd5 15. c4 Nb4 16. Qc1 Nd3 17. Bxd3 Bxb2 18. Qxb2 Qxd3 19. Rfd1 Rfd8 20. Qb1 Qc3 21. Nf1 a5 22. Qc1 Qb4 23. Qc2 a4 24. Rxd8+ Rxd8 25. Rd1 Rd6 26. Rxd6 Qxd6 27. Ne3 Qd4 28. h3 a3 29. Qd1 Qb2 30. Qd8+ Kg7 31. Qxe7 Qxa2 32. Qe5+ Kf8 33. Qh8+ Ke7 34. Qe5+ Kd7 35. Nd5 1/2-1/2

[Event "EU-ch U18"]
[Site "Bratislava"]
[Date "2019.08.03"]
[Round "2"]
[White "Halfhide, Sebastian"]
[Black "Salemgareev, Tagir"]
[Result "0-1"]
[WhiteElo "2263"]
[BlackElo "2444"]
[PlyCount "86"]
[EventDate "2019.08.02"]
[EventType "swiss"]
[EventRounds "9"]
[EventCountry "SVK"]
[SourceTitle "CBM 191 Extra"]
[Source "ChessBase"]
[SourceDate "2019.09.30"]
[SourceVersion "1"]
[SourceVersionDate "2019.09.30"]
[SourceQuality "1"]

1. c4 e6 2. Nf3 d5 3. g3 d4 4. Bg2 c5 5. 0-0 Nc6 6. e3 Nf6 7. exd4 cxd4 8. d3 Be7 9. Na3 0-0 10. Nc2 Re8 11. Rb1 e5 12. Re1 Bf8 13. Bg5 Bd7 14. b4 h6 15. b5 hxg5 16. bxc6 Bxc6 17. Nxe5 Bxg2 18. Kxg2 Qc7 19. Nf3 Rxe1 20. Ncxe1 g4 21. Nxd4 Rd8 22. Nb3 a5 23. Kg1 Qe5 24. Ng2 a4 25. Nc1 Bc5 26. Qxa4 Nh7 27. Qd1 Qf5 28. Ne3 Bxe3 29. fxe3 Ng5 30. Kg2 Qe4+ 31. dxe4 Rxd1 32. Ra1 Rd2+ 33. Kf1 Rxh2 34. Nb3 Nxe4 35. a4 Nd2+ 36. Kg1 Nxb3 37. Rb1 Nd2 38. Rxb7 Nf3+ 39. Kf1 Ra2 40. Rb4 Nd2+ 41. Kg1 Ne4 42. c5 Nxc5 43. Rxg4 Rxa4 0-1

[Event "Pula op 33rd"]
[Site "Pula"]
[Date "2019.06.25"]
[Round "5"]
[White "Tisaj, Domen"]
[Black "Halfhide, Sebastian"]
[Result "1-0"]
[WhiteElo "2232"]
[BlackElo "2286"]
[PlyCount "101"]
[EventDate "2019.06.22"]
[EventType "swiss"]
[EventRounds "9"]
[EventCountry "CRO"]
[SourceTitle "CBM 191 Extra"]
[Source "ChessBase"]
[SourceDate "2019.09.30"]
[SourceVersion "1"]
[SourceVersionDate "2019.09.30"]
[SourceQuality "1"]

1. d4 Nf6 2. c4 e6 3. Nc3 Bb4 4. e3 0-0 5. Nge2 c6 6. a3 Ba5 7. Bd2 d5 8. Ng3 Nbd7 9. Be2 dxc4 10. Bxc4 e5 11. 0-0 Bc7 12. dxe5 Nxe5 13. Be2 Bg4 14. h3 Bxe2 15. Ncxe2 Nc4 16. Bc3 Be5 17. Qc2 Bxc3 18. Qxc3 Nb6 19. e4 Re8 20. f3 Nbd7 21. Nf5 Qb6+ 22. Kh1 Qc5 23. Rfd1 Qxc3 24. Nxc3 Nb6 25. b3 g6 26. Nd6 Re7 27. g3 Ne8 28. f4 Rd8 29. Nxe8 Rexe8 30. e5 f5 31. Kg2 Kf7 32. Kf3 Ke6 33. g4 Rf8 34. Ne2 c5 35. b4 fxg4+ 36. hxg4 Nc4 37. Kg3 Nb2 38. Rxd8 Rxd8 39. bxc5 Na4 40. Rc1 g5 41. c6 bxc6 42. Rxc6+ Kd5 43. Ra6 Nc5 44. Rxa7 Ne4+ 45. Kf3 Nd2+ 46. Ke3 Nc4+ 47. Kd3 gxf4 48. Nxf4+ Kc5+ 49. Kc3 Nxe5 50. Ra5+ Kd6 51. Rd5+ 1-0

[Event "Seville op 44th"]
[Site "Seville"]
[Date "2019.01.14"]
[Round "4"]
[White "Muzika, Paul"]
[Black "Halfhide, Sebastian"]
[Result "0-1"]
[WhiteElo "2061"]
[BlackElo "2282"]
[PlyCount "38"]
[EventDate "2019.01.11"]
[EventType "swiss"]
[EventRounds "9"]
[EventCountry "ESP"]
[SourceTitle "CBM 188 Extra"]
[Source "ChessBase"]
[SourceDate "2019.02.26"]
[SourceVersion "1"]
[SourceVersionDate "2019.02.26"]
[SourceQuality "1"]

1. e4 c5 2. Nf3 e6 3. d4 cxd4 4. Nxd4 Nc6 5. Be3 Qc7 6. Nc3 a6 7. Qf3 Bd6 8. 0-0-0 Be5 9. Be2 Nge7 10. h4 b5 11. a3 Rb8 12. Nxc6 Nxc6 13. Bd2 b4 14. axb4 Rxb4 15. Qe3 Qa5 16. Be1 Qa1+ 17. Kd2 Qxb2 18. Bg4 Rc4 19. Rh3 Rxc3 0-1

[Event "Helsingor Xtracon op"]
[Site "Helsingor"]
[Date "2017.07.30"]
[Round "10"]
[White "Miedema, David"]
[Black "Halfhide, Sebastian"]
[Result "0-1"]
[WhiteElo "2373"]
[BlackElo "2253"]
[PlyCount "80"]
[EventDate "2017.07.22"]
[EventType "swiss"]
[EventRounds "10"]
[EventCountry "DEN"]
[SourceTitle "CBM 179 Extra"]
[Source "ChessBase"]
[SourceDate "2017.08.23"]
[SourceVersion "1"]
[SourceVersionDate "2017.08.23"]
[SourceQuality "1"]

1. d4 Nf6 2. c4 g6 3. Nc3 Bg7 4. e4 d6 5. f3 0-0 6. Bg5 c5 7. d5 h6 8. Be3 e6 9. Qd2 exd5 10. cxd5 Nbd7 11. Nh3 a6 12. Nf2 h5 13. a4 Rb8 14. Be2 Ne8 15. 0-0 Nc7 16. Rab1 b5 17. b4 cxb4 18. Rxb4 a5 19. Rbb1 b4 20. Nb5 Nb6 21. Bg5 Qd7 22. Rfc1 Na6 23. Bf4 Nxa4 24. Qa2 N6c5 25. Bxd6 Rxb5 26. Bxb5 Qxb5 27. Qc4 Qxc4 28. Rxc4 Ba6 29. Rxc5 Nxc5 30. Bxc5 Rc8 31. Be7 b3 32. g4 b2 33. Ba3 Rc2 34. d6 Bd4 35. d7 Bxf2+ 36. Kh1 Bh4 37. Bxb2 hxg4 38. Bd4 Kh7 39. fxg4 Rd2 40. Be3 Rxd7 0-1

[Event "Helsingor Xtracon op"]
[Site "Helsingor"]
[Date "2017.07.26"]
[Round "6"]
[White "Getz, Nicolai"]
[Black "Halfhide, Sebastian"]
[Result "1/2-1/2"]
[WhiteElo "2415"]
[BlackElo "2253"]
[PlyCount "181"]
[EventDate "2017.07.22"]
[EventType "swiss"]
[EventRounds "10"]
[EventCountry "DEN"]
[SourceTitle "CBM 179 Extra"]
[Source "ChessBase"]
[SourceDate "2017.08.23"]
[SourceVersion "1"]
[SourceVersionDate "2017.08.23"]
[SourceQuality "1"]

1. f4 c5 2. Nf3 Nc6 3. g3 g6 4. Bg2 Bg7 5. 0-0 Nf6 6. c4 0-0 7. Nc3 a6 8. a3 Rb8 9. e4 d6 10. d3 b5 11. cxb5 axb5 12. h3 b4 13. Ne2 bxa3 14. Rxa3 Ne8 15. d4 cxd4 16. Nfxd4 Nxd4 17. Nxd4 Qb6 18. Be3 Qxb2 19. Qd3 Bd7 20. Ra7 Rb7 21. Rxb7 Qxb7 22. e5 Qb8 23. Rb1 Qc8 24. Rc1 Qb8 25. Rb1 Qc8 26. Rc1 Qd8 27. Nc6 Bxc6 28. Rxc6 Qa5 29. Kh2 dxe5 30. Rc5 Qa1 31. Rc1 Qb2 32. Rb1 Qa2 33. Rb7 Qe6 34. Bd5 Qf6 35. fxe5 Qxe5 36. Bf4 Qe1 37. Bd2 Qf2+ 38. Bg2 Bd4 39. Rb1 Be5 40. Bh6 Ng7 41. Rf1 Qd4 42. Qb3 Qc3 43. Qxc3 Bxc3 44. g4 Rd8 45. Rc1 Be5+ 46. Kg1 Ne6 47. Re1 Bc3 48. Re2 Bf6 49. Bd2 Nd4 50. Re4 Ne6 51. Re2 Kf8 52. Bh6+ Bg7 53. Bd2 Nd4 54. Re1 Nf3+ 55. Bxf3 Rxd2 56. Rd1 Bd4+ 57. Kh1 Rf2 58. Bg2 e5 59. Rf1 Rd2 60. Be4 Be3 61. Rf3 Bf4 62. Kg1 Kg7 63. Kf1 Rd4 64. Bc2 Rc4 65. Bb3 Rc1+ 66. Kg2 Rb1 67. Bd5 Rb5 68. Bc4 Rc5 69. Bb3 Kf6 70. Rd3 Rc7 71. Kf3 Kg5 72. Bd5 Kh4 73. Kg2 Rc2+ 74. Kf1 Bg3 75. Rf3 Rc7 76. Rxf7 Rxf7+ 77. Bxf7 Kxh3 78. g5 Kg4 79. Bg8 Kxg5 80. Bxh7 e4 81. Bg8 Kf4 82. Bf7 g5 83. Be8 g4 84. Bf7 Kf3 85. Be8 Bf4 86. Bf7 Ke3 87. Be6 Kf3 88. Bf7 e3 89. Bd5+ Kg3 90. Bc6 Kh2 91. Bd5 1/2-1/2

[Event "Basel op"]
[Site "Basel"]
[Date "2017.01.07"]
[Round "7"]
[White "Halfhide, Sebastian"]
[Black "Antal, Tibor Kende"]
[Result "0-1"]
[WhiteElo "2222"]
[BlackElo "2420"]
[PlyCount "86"]
[EventDate "2017.01.02"]
[EventType "swiss"]
[EventRounds "9"]
[EventCountry "SUI"]
[SourceTitle "CBM 176 Extra"]
[Source "ChessBase"]
[SourceDate "2017.03.02"]
[SourceVersion "1"]
[SourceVersionDate "2017.03.02"]
[SourceQuality "1"]

1. e4 c5 2. Nf3 d6 3. d4 cxd4 4. Nxd4 Nf6 5. Nc3 a6 6. Bg5 Nbd7 7. Qd2 h6 8. Bh4 e6 9. Bd3 Qb6 10. Nb3 Be7 11. Qe2 Qc7 12. 0-0-0 b5 13. a3 Bb7 14. Bg3 Ne5 15. f4 Nxd3+ 16. Qxd3 0-0 17. f5 e5 18. Bh4 Ng4 19. Qg3 Bxh4 20. Qxg4 Bg5+ 21. Kb1 Rac8 22. h4 Bf6 23. Qe2 Qe7 24. g3 Rxc3 25. bxc3 Rc8 26. Kb2 Rc4 27. Nd2 Ra4 28. Ra1 d5 29. Rhd1 Qc7 30. Qe3 dxe4 31. Nb3 Be7 32. Rd2 Bc8 33. Rf2 a5 34. Rff1 h5 35. Qe2 Rc4 36. Qe3 Bd7 37. Rf2 a4 38. Nd2 Bc5 39. Qe2 Rxc3 40. Nxe4 Bd4 41. Kc1 Re3 42. Qxh5 Rxe4 43. f6 Re1+ 0-1

[Event "Basel op"]
[Site "Basel"]
[Date "2017.01.07"]
[Round "8"]
[White "Sahajasri, Cholleti"]
[Black "Halfhide, Sebastian"]
[Result "1/2-1/2"]
[WhiteElo "1987"]
[BlackElo "2222"]
[PlyCount "52"]
[EventDate "2017.01.02"]
[EventType "swiss"]
[EventRounds "9"]
[EventCountry "SUI"]
[SourceTitle "CBM 176 Extra"]
[Source "ChessBase"]
[SourceDate "2017.03.02"]
[SourceVersion "1"]
[SourceVersionDate "2017.03.02"]
[SourceQuality "1"]

1. Nf3 Nf6 2. c4 e6 3. g3 c5 4. Bg2 Be7 5. 0-0 0-0 6. Nc3 a6 7. d4 cxd4 8. Nxd4 Qc7 9. Qd3 d6 10. b3 Nbd7 11. Bb2 Re8 12. Rfd1 Ne5 13. Qd2 Bd7 14. Rac1 Rac8 15. Ne4 Nxe4 16. Bxe4 Qb8 17. Nf3 Nxf3+ 18. Bxf3 b5 19. Ba3 bxc4 20. Bxd6 Bxd6 21. Qxd6 Qxd6 22. Rxd6 cxb3 23. Rxc8 Bxc8 24. axb3 Kf8 25. Rb6 Ke7 26. Bb7 Bxb7 1/2-1/2

[Event "Basel op"]
[Site "Basel"]
[Date "2017.01.03"]
[Round "3"]
[White "Halfhide, Sebastian"]
[Black "Heinz, Timothee"]
[Result "0-1"]
[WhiteElo "2222"]
[BlackElo "2346"]
[PlyCount "116"]
[EventDate "2017.01.02"]
[EventType "swiss"]
[EventRounds "9"]
[EventCountry "SUI"]
[SourceTitle "CBM 176 Extra"]
[Source "ChessBase"]
[SourceDate "2017.03.02"]
[SourceVersion "1"]
[SourceVersionDate "2017.03.02"]
[SourceQuality "1"]

1. e4 e6 2. d3 d5 3. Nd2 Nf6 4. g3 dxe4 5. dxe4 e5 6. Ngf3 Nc6 7. Bg2 Bc5 8. 0-0 0-0 9. c3 a5 10. Qc2 b6 11. Nc4 Qe8 12. Be3 Nd7 13. Bxc5 Nxc5 14. Ne3 f6 15. Nd5 Qf7 16. Nh4 Be6 17. Rad1 Rad8 18. Rd2 Na7 19. b3 b5 20. Rfd1 g6 21. Qc1 Kg7 22. Qa3 Nb7 23. Nf3 c6 24. Ne3 Rxd2 25. Rxd2 Nc8 26. Ne1 Nb6 27. Bf1 Ra8 28. Nd3 a4 29. Nc5 axb3 30. Nxe6+ Qxe6 31. Qxb3 Qxb3 32. axb3 Ra3 33. c4 b4 34. Rb2 Nc5 35. Nc2 Rxb3 36. Rxb3 Nxb3 37. Nxb4 Nd4 38. Kg2 Kf8 39. f3 Ke7 40. Kf2 Kd6 41. Ke3 Na4 42. f4 Nc5 43. Bd3 Kc7 44. Na2 Kb6 45. Nc3 Ka5 46. Nd1 Kb4 47. Nf2 Ndb3 48. Ng4 Nd7 49. Nh6 Na5 50. Ng8 Nxc4+ 51. Bxc4 Kxc4 52. Ne7 c5 53. g4 g5 54. fxg5 fxg5 55. Nf5 Kb3 56. Kd2 c4 57. Nd6 c3+ 58. Kc1 Nc5 0-1

[Event "Pardubice Czech op-A 27th"]
[Site "Pardubice"]
[Date "2016.07.27"]
[Round "6"]
[White "Bryzgalin, Kirill"]
[Black "Halfhide, Sebastian"]
[Result "1-0"]
[WhiteElo "2442"]
[BlackElo "2188"]
[PlyCount "73"]
[EventDate "2016.07.22"]
[EventType "swiss"]
[EventRounds "9"]
[EventCountry "CZE"]
[SourceTitle "CBM 173 Extra"]
[Source "ChessBase"]
[SourceDate "2016.08.29"]
[SourceVersion "1"]
[SourceVersionDate "2016.08.29"]
[SourceQuality "1"]

1. c4 e5 2. Nc3 Nc6 3. g3 g6 4. Bg2 Bg7 5. e3 Nge7 6. Nge2 d6 7. d3 0-0 8. 0-0 Be6 9. Nd5 Rb8 10. Rb1 Bxd5 11. cxd5 Nb4 12. Nc3 c6 13. dxc6 bxc6 14. a3 Na6 15. Bd2 Nc7 16. Qa4 Qd7 17. Rfc1 Rfc8 18. b4 Ne6 19. Nd5 Nxd5 20. Bxd5 Nd8 21. Rb3 Qb7 22. Bg2 d5 23. Rbc3 Bf8 24. e4 d4 25. Rc4 Be7 26. Bh3 Rc7 27. f4 f6 28. fxe5 fxe5 29. Bh6 Qb5 30. Qb3 Kh8 31. Rf1 Bd6 32. Rc2 c5 33. Rcf2 Nb7 34. Qe6 Re8 35. Qf6+ Kg8 36. Be6+ Rxe6 37. Qf8+ 1-0

[Event "NED-ch U18"]
[Site "Rotterdam"]
[Date "2016.05.07"]
[Round "9"]
[White "Wouters, Casper"]
[Black "Halfhide, Sebastian"]
[Result "0-1"]
[WhiteElo "1735"]
[BlackElo "2205"]
[PlyCount "52"]
[EventDate "2016.04.29"]
[EventType "swiss"]
[EventRounds "9"]
[EventCountry "NED"]
[SourceTitle "CBM 172 Extra"]
[Source "ChessBase"]
[SourceDate "2016.06.21"]
[SourceVersion "1"]
[SourceVersionDate "2016.06.21"]
[SourceQuality "1"]

1. e4 c5 2. Nf3 e6 3. c3 Nf6 4. Qc2 Nc6 5. Be2 b6 6. a3 Bb7 7. 0-0 Rc8 8. d3 Be7 9. h3 0-0 10. Bf4 d5 11. Nbd2 Re8 12. Rfe1 Bf8 13. Bh2 e5 14. Rad1 g6 15. exd5 Nxd5 16. Bf1 Bg7 17. Nc4 Qc7 18. Qb1 b5 19. Ne3 Nf4 20. d4 cxd4 21. cxd4 Nxd4 22. Nxd4 exd4 23. Rc1 dxe3 24. Kh1 Qd7 25. Bxf4 Qxh3+ 26. Kg1 exf2+ 0-1

[Event "NED-ch U18"]
[Site "Rotterdam"]
[Date "2016.05.06"]
[Round "8"]
[White "Halfhide, Sebastian"]
[Black "Warmerdam, Max"]
[Result "0-1"]
[WhiteElo "2205"]
[BlackElo "2361"]
[PlyCount "54"]
[EventDate "2016.04.29"]
[EventType "swiss"]
[EventRounds "9"]
[EventCountry "NED"]
[SourceTitle "CBM 172 Extra"]
[Source "ChessBase"]
[SourceDate "2016.06.21"]
[SourceVersion "1"]
[SourceVersionDate "2016.06.21"]
[SourceQuality "1"]

1. e4 c5 2. Nf3 d6 3. d4 cxd4 4. Nxd4 Nf6 5. Nc3 a6 6. Bg5 Nbd7 7. Qe2 h6 8. Bh4 g6 9. f4 e5 10. 0-0-0 exd4 11. e5 dxc3 12. exd6+ Be7 13. bxc3 Kf8 14. g4 Bxd6 15. Rxd6 Qe7 16. Qd2 g5 17. fxg5 Ne4 18. Qd4 Rg8 19. Rxh6 Qa3+ 20. Kd1 Nxc3+ 21. Kd2 Nb1+ 22. Ke2 Qc5 23. Qd3 Qe7+ 24. Kd1 Nc5 25. Qd4 Ne4 26. Bc4 Nec3+ 27. Kc1 Qa3# 0-1

[Event "NED-ch U18"]
[Site "Rotterdam"]
[Date "2016.05.05"]
[Round "7"]
[White "Van Baar, Esper"]
[Black "Halfhide, Sebastian"]
[Result "0-1"]
[WhiteElo "2053"]
[BlackElo "2205"]
[PlyCount "62"]
[EventDate "2016.04.29"]
[EventType "swiss"]
[EventRounds "9"]
[EventCountry "NED"]
[SourceTitle "CBM 172 Extra"]
[Source "ChessBase"]
[SourceDate "2016.06.21"]
[SourceVersion "1"]
[SourceVersionDate "2016.06.21"]
[SourceQuality "1"]

1. e4 e5 2. Nf3 Nc6 3. d4 exd4 4. Nxd4 Nf6 5. Nxc6 bxc6 6. e5 Qe7 7. Qe2 Nd5 8. c4 Nb6 9. Nd2 Bb7 10. b3 a5 11. a4 Qe6 12. Nf3 Bb4+ 13. Bd2 Bxd2+ 14. Nxd2 0-0 15. 0-0-0 Qe7 16. Kb2 Rab8 17. Ra1 f6 18. f4 Ba6 19. Qe4 Qb4 20. Kc2 f5 21. Qd4 d6 22. Bd3 Rbd8 23. e6 d5 24. Qc3 Qe7 25. Qe5 dxc4 26. Nxc4 Nd5 27. Rhd1 Nb4+ 28. Kc3 Rd5 29. Qe3 Qf6+ 30. Ne5 Rxd3+ 31. Rxd3 Nxd3 0-1

[Event "NED-chT 1516"]
[Site "Netherlands"]
[Date "2016.03.19"]
[Round "7.2"]
[White "Den Hartog, Marijn"]
[Black "Halfhide, Sebastian"]
[Result "0-1"]
[WhiteElo "2170"]
[BlackElo "2102"]
[PlyCount "48"]
[EventDate "2015.09.26"]
[EventType "team-tourn"]
[EventRounds "9"]
[EventCountry "NED"]
[SourceTitle "EXT 2017"]
[Source "ChessBase"]
[SourceDate "2016.10.25"]
[SourceVersion "1"]
[SourceVersionDate "2016.10.25"]
[SourceQuality "1"]
[WhiteTeam "Rotterdam Pathena"]
[BlackTeam "Utrecht"]
[WhiteTeamCountry "NED"]
[BlackTeamCountry "NED"]

1. e4 e5 2. Nf3 Nc6 3. Bb5 a6 4. Ba4 Nf6 5. 0-0 b5 6. Bb3 Be7 7. Re1 d6 8. c3 0-0 9. a4 Rb8 10. h3 Na5 11. Bc2 c5 12. axb5 axb5 13. d4 cxd4 14. cxd4 Nc6 15. Nc3 Nxd4 16. Nxd4 exd4 17. Qxd4 Be6 18. Ra7 Re8 19. Bf4 Rc8 20. Bd3 d5 21. Bxb5 Bc5 22. Qa4 Bxa7 23. exd5 Bd7 24. Rxe8+ Qxe8 0-1

[Event "Groningen op-A 53rd"]
[Site "Groningen"]
[Date "2015.12.21"]
[Round "1"]
[White "Halfhide, Sebastian"]
[Black "Brink, Barry"]
[Result "0-1"]
[WhiteElo "2119"]
[BlackElo "2360"]
[PlyCount "128"]
[EventDate "2015.12.21"]
[EventType "swiss"]
[EventRounds "9"]
[EventCountry "NED"]
[SourceTitle "CBM 170 Extra"]
[Source "ChessBase"]
[SourceDate "2016.02.25"]
[SourceVersion "1"]
[SourceVersionDate "2016.02.25"]
[SourceQuality "1"]

1. e4 c5 2. Nf3 e6 3. d4 cxd4 4. Nxd4 Nc6 5. Nc3 Qc7 6. Be3 Nf6 7. Be2 a6 8. 0-0 Be7 9. f4 d6 10. Qe1 0-0 11. Qg3 Nxd4 12. Bxd4 b5 13. a3 Bb7 14. Bd3 Rad8 15. Kh1 Rd7 16. Qh3 e5 17. Be3 Re8 18. Rf3 Bd8 19. fxe5 dxe5 20. Bg5 Rd6 21. Rg3 Kh8 22. Rf1 Qd7 23. Qh4 Ng8 24. Bxd8 Rxd8 25. Qh5 f6 26. Nd1 g6 27. Qh4 g5 28. Qh5 Bxe4 29. Bxe4 Rxd1 30. Rgf3 Qg7 31. R3f2 Rxf1+ 32. Rxf1 Rd4 33. Qf3 g4 34. Qe2 Qg5 35. Rd1 Rxd1+ 36. Qxd1 Qf4 37. Bb7 a5 38. g3 Qf2 39. b4 axb4 40. axb4 f5 41. Bc6 Qe3 42. Qd3 Qe1+ 43. Kg2 Qxb4 44. Qxf5 Qd2+ 45. Kg1 Qd6 46. Be4 Nf6 47. Bd3 Kg7 48. Qg5+ Kf7 49. Qe3 b4 50. Kf2 Qd4 51. Bf5 Ke7 52. Ke2 Qxe3+ 53. Kxe3 Kd6 54. Kd3 Kc5 55. Be6 e4+ 56. Ke3 Kd6 57. Bc8 Ke5 58. h3 gxh3 59. Bxh3 Nd5+ 60. Kd2 Kd4 61. Bf5 h6 62. Bg6 Ne3 63. Bf7 Nf1+ 64. Ke1 Nxg3 0-1

[Event "Hoogeveen Unive op 19th"]
[Site "Hoogeveen"]
[Date "2015.10.21"]
[Round "6"]
[White "Halfhide, Sebastian"]
[Black "Munnik, Talitha"]
[Result "1-0"]
[WhiteElo "2102"]
[BlackElo "2037"]
[PlyCount "75"]
[EventDate "2015.10.17"]
[EventType "swiss"]
[EventRounds "9"]
[EventCountry "NED"]
[SourceTitle "EXT 2017"]
[Source "ChessBase"]
[SourceDate "2016.10.25"]
[SourceVersion "1"]
[SourceVersionDate "2016.10.25"]
[SourceQuality "1"]

1. e4 c5 2. Nf3 d6 3. d4 cxd4 4. Nxd4 Nf6 5. Nc3 e6 6. Be3 a6 7. Qd2 b5 8. f3 Nbd7 9. g4 Nb6 10. a4 Nc4 11. Bxc4 bxc4 12. a5 Bb7 13. Na4 d5 14. Nb6 dxe4 15. Nxa8 exf3 16. 0-0-0 Qxa8 17. g5 Nd5 18. Nxf3 c3 19. Qd4 cxb2+ 20. Kb1 Bb4 21. Qxg7 Rf8 22. Bd4 Qd8 23. Bxb2 Qxa5 24. Rd3 Qb6 25. Rhd1 Be7 26. Rb3 Qc7 27. Ne5 a5 28. Rf3 Bb4 29. Ng4 a4 30. Nf6+ Nxf6 31. Bxf6 Be7 32. Bxe7 Kxe7 33. Qf6+ Ke8 34. Rc3 Qb6+ 35. Ka1 Qa5 36. Rb1 e5 37. Re3 e4 38. Rxb7 1-0

[Event "Leiden op-A 9th"]
[Site "Leiden"]
[Date "2015.07.24"]
[Round "7"]
[White "Halfhide, Sebastian"]
[Black "Sorensen, Bent"]
[Result "1-0"]
[WhiteElo "2091"]
[BlackElo "2217"]
[PlyCount "97"]
[EventDate "2015.07.17"]
[EventType "swiss"]
[EventRounds "9"]
[EventCountry "NED"]
[SourceTitle "CBM 167 Extra"]
[Source "ChessBase"]
[SourceDate "2015.09.14"]
[SourceVersion "1"]
[SourceVersionDate "2015.09.14"]
[SourceQuality "1"]

1. e4 e6 2. d4 d5 3. Nc3 Nf6 4. e5 Nfd7 5. f4 c5 6. Nf3 Nc6 7. Be3 a6 8. dxc5 Bxc5 9. Qd2 0-0 10. 0-0-0 Qb6 11. Bxc5 Nxc5 12. Bd3 Bd7 13. f5 Nxd3+ 14. Qxd3 Nb4 15. Qd2 Rfc8 16. a3 Rxc3 17. axb4 Re3 18. f6 gxf6 19. exf6 Kf8 20. Rhe1 Rxe1 21. Rxe1 Ke8 22. Ne5 Qd6 23. Qg5 Qf8 24. Re3 Kd8 25. Qh5 Be8 26. Qxh7 a5 27. b5 a4 28. Qd3 Ra5 29. c4 Qc5 30. Kb1 Ra8 31. h4 Kc7 32. cxd5 Rd8 33. Qc2 Qxc2+ 34. Kxc2 exd5 35. b6+ Kd6 36. h5 d4 37. Re1 Rc8+ 38. Kd3 Ke6 39. Nc4+ Kxf6 40. Nd6 Rc6 41. Nxe8+ Kf5 42. Rh1 Rh6 43. Kxd4 Kg4 44. Rh3 f5 45. Ke5 f4 46. Nf6+ Kg5 47. Nd5 Kg4 48. Nxf4 Rxb6 49. h6 1-0